=LDR 00000nam 2200000 4500 =001 000227 =990 ##$$a TBM202500038 =005 20250710114803 =035 ##$$a 0010-0725000044 =245 1#$$a Kakek Sekarang Bersama Dinosaurus /$c Sahana Jose =100 #$$a Jose, Sahana =250 ##$$a Cetakan Kedua =300 ##$$a 28 : $b ilus. ; $c 29 cm =856 ##$$a TBM AS SUHADA =260 ##$$a Jakarta Timur :$b Badan Pengembangan dan Pembinaan Bahasa,$c 2022 =082 ##$$a 398.209 598 =084 ##$$a 398.209 598 JOS k =020 ##$$a 978-623-307-451-3 =600 #4$$a Cerita anak Indonesia - Terjemahan =650 #4$$a Literasi-Bahan Bacaan